UEFA Champions League: 20+ Assists (2000-) - Statistics

General Stats
  • This quiz has been taken 17 times
  • The average score is 29 of 30
Answer Stats
Ranking Player Positions Nationality Matches Goals (assists) Periods Clubs % Correct
6 Andrés Iniesta MF 130 11 (30) 2002-2003, 2004-2018
100%
3 Ángel Di María MF, FW 116 24 (40) 2007-2008, 2010-2013, 2015-2025
100%
14 Cesc Fàbregas MF, FW 104 20 (23) 2004-2015, 2017-2018
100%
1 Cristiano Ronaldo MF, FW 183 140 (45) 2003-2022
100%
30 David Beckham MF 66 9 (20) 2000-2006, 2009-2010, 2012-2013
100%
19 Frank Lampard MF 105 23 (22) 2003-2015
100%
20 Joshua Kimmich DF, MF 96 12 (22) 2015-2025
100%
17 Kaká MF, FW 85 30 (22) 2003-2007, 2009-2014
100%
8 Karim Benzema FW 152 90 (28) 2005-2023
100%
10 Kevin De Bruyne MF, FW 79 16 (26) 2011-2012, 2013-2014, 2015-2025
100%
12 Kylian Mbappé MF, FW 87 55 (24) 2016-2025
100%
2 Lionel Messi MF, FW 163 129 (41) 2004-2023
100%
24 Luís Figo MF, FW 76 17 (21) 2000-2009
100%
13 Luis Suárez FW 73 27 (23) 2010-2011, 2014-2022
100%
29 Luka Modrić MF 142 9 (20) 2010-2011, 2012-2025
100%
5 Neymar MF, FW 81 43 (33) 2013-2023
100%
27 Raheem Sterling MF, FW 88 27 (20) 2014-2022, 2024-2025
100%
23 Robert Lewandowski FW 133 105 (21) 2011-2025
100%
26 Thierry Henry FW 95 42 (20) 2000-2009, 2011-2012
100%
9 Thomas Müller MF, FW 163 57 (28) 2008-2025
100%
21 Toni Kroos MF 151 11 (22) 2008-2009, 2010-2024
100%
7 Xavi MF 135 10 (30) 2000-2002, 2004-2015
100%
11 Zlatan Ibrahimović FW 124 48 (25) 2002-2015, 2017-2018, 2021-2022
100%
15 Dani Alves DF, MF 111 12 (23) 2007-2019
93%
16 Marcelo DF, MF 102 9 (23) 2007-2022
93%
22 Mesut Özil MF, FW 69 11 (22) 2007-2008, 2010-2017
93%
4 Ryan Giggs MF, FW 109 18 (37) 2000-2014
93%
28 Wesley Sneijder MF 74 12 (20) 2002-2005, 2007-2016
93%
25 Juninho Pernambucano MF 59 17 (21) 2001-2009
73%
18 Vinicius Júnior MF, FW 68 29 (22) 2018-2025
67%
No matching quizzes found
Score Distribution
Percent of People with Each Score
Percentile by Number Answered
Your Score History
You have not taken this quiz